แสดงรายละเอียดบรรณานุกรม
  กลับหน้าหลัก

Brief Record : Get Marc (ISO 2709) : E-mail record : QR code ปิดหน้าต่าง
E-books : เกี่ยวกับ Collections
LEADER 00000nam 2200000uu 4500
001    206804
003     ULIBM
008    111222s2554||||th 000 0 tha d
024    9786161107246
040    ^aBcnkk.
041 0  ^aThai.
060  0 ^aBF 575.H27 ป383ค 2554.
100 0  ^aประเวช ตันติพิวัฒนสกุล,นายแพทย์.
245 00 ^aคู่มือสร้างสุขระดับจังหวัด : ยุทธศาสตร์ความสุขฉบับพกพา./นายแพทย์ประเวช ตันติพิวัฒนสกุล,เอกอนงค์ สีตลาภินันท์.
246 0  ^aยุทธศาสตร์ความสุขฉบับพกพา.
250    ^aพิมพ์ครั้งที่ 2.
260    ^aนนทบุรี : ^bโรงพิมพ์ชุมนุมสหกรณ์การเกษตรแห่งประเทศไทย จำกัด,^c2554.
300    ^aจำนวน 200 หน้า ; ^bภาพประกอบ.
650  0 ^aความสุข.
700 0  ^aเอกอนงค์ สีตลาภินันท์.
710 1  ^aกระทรวงสาธารณสุข. กรมสุขภาพจิต.
999    ^aใช้งานได้ทุกระบบ
รายการนี้ยังไม่มีแท็ก
คุณยังไม่ได้ล็อกอิน คุณสามารถมีกิจกรรมร่วมกับเว็บไซต์ได้ แต่ต้องล็อกอินก่อน ::
  ล็อกอิน
ลำดับที่ ประเภท เลขเรียก สถานที่ สถานะ
1. หนังสือทั่วไป
หนังสือทั่วไป
BF 575.H27 ป383ค 2554  
  
หนังสือทั่วไป On Shelf
  ขอยืม
2. หนังสือทั่วไป
หนังสือทั่วไป
สถานะ=หนังสือเก่า - บริการ ณ ห้องสมุด (ห้องเหลือง)
BF 575.H27 ป383ค 2554 ฉ.3 
  
หนังสือทั่วไป On Shelf
  ขอยืม
3. หนังสือทั่วไป
หนังสือทั่วไป
สถานะ=หนังสือเก่า - บริการ ณ ห้องสมุด (ห้องเหลือง)
BF 575.H27 ป383ค 2554 ฉ.4 
  
หนังสือทั่วไป On Shelf
  ขอยืม
4. หนังสือทั่วไป
หนังสือทั่วไป
BF 575.H27 ป383ค 2554 ฉ.8 
  
หนังสือทั่วไป On Shelf
  ขอยืม
   [แสดง 4/4 รายการ]

รายการใกล้เคียง
    หัวเรื่อง [ความสุข.]

BibComment


ยังไม่เคยถูกคอมเมนท์

คอมเมนท์ทรัพยากรรายการนี้
  คอมเมนท์: คู่มือสร้างสุขระ..
Bib 206804

 
 
 

 Union Library Management : ULibM
Copyright 2026. All Rights Reserved.
скачать бесплатно без регистрации порно красивый секс HD Sex Hindi sex

xxx gou

xxxx

bfxxx

xxxwww

Секса Видео

xxxx

Секса Видео

detube

geilexxx

C99 Shell

worms shell

blod xxx video
Ebony Coed Rihanna Rimes Takes A Dick In Her Young Twat priyaa indian fuck anal and pusssy hardcore indian women xxx desi hardcore fucking part 1 bengalixxxcouple